000 00666nam a2200277Ia 4500
005 20260324123641.0
008 008 260324s9999 xx 000 0 eng d
020 _a9780203581070
037 _aEBOOK
040 _aCRL
040 _beng
040 _cCRL
041 _2eng
041 _aeng
084 _qCRL
100 _aChristopher Bollas; Arne Jemstedt; Adam Phillips
_91171120
245 4 _aThe Christopher Bollas Reader
260 _bTaylor and Francis
260 _c2011
365 _a
365 _b195
856 _uhttp://www.taylorfrancis.com/books/9780203581070
942 _cEBOOK
999 _c1764826
_d1764826